| 000 | 00343nam a22001337a 4500 | ||
|---|---|---|---|
| 020 | _qPB. | ||
| 040 | _cFIZZA ISHAQ | ||
| 082 |
_a658.402 _bPET |
||
| 100 |
_aSENGE,M.PETER. _9132307 |
||
| 245 |
_aTHE FIFTH DISCIPLINE FIELD BOOK / _cPETER M.SENGE. |
||
| 260 |
_aNEW YORK ; _bDOUBLEDAY, _c1994. |
||
| 300 |
_a593 P. ; _c9X7.3IN |
||
| 942 |
_2ddc _cBK |
||
| 999 |
_c615530 _d615530 |
||